PEFnet 2017 Proceedings : [21st] European Scientific Conference of Doctoral Students : Brno, [Czech Republic], November 30, 2017
Salvato in:
| Ente Autore: | |
|---|---|
| Altri autori: | |
| Natura: | Libro |
| Lingua: | inglese |
| Pubblicazione: |
Brno
Mendel University Press
2018
|
| Edizione: | 1st edition |
| Soggetti: | |
| Tags: |
Nessun Tag, puoi essere il primo ad aggiungerne!!
|
MARC
| LEADER | 00000nlm$a2200000$$$4500 | ||
|---|---|---|---|
| 001 | 0245546 | ||
| 005 | 20220822112154.3 | ||
| 020 | |a 978-80-7509-555-8 | ||
| 041 | 0 | |a eng | |
| 044 | |a CZ | ||
| 245 | 1 | 0 | |a PEFnet 2017 |b Proceedings : [21st] European Scientific Conference of Doctoral Students : Brno, [Czech Republic], November 30, 2017 |c Edited by: Jana Stávková |
| 250 | |a 1st edition | ||
| 264 | 1 | |a Brno |b Mendel University Press |c 2018 | |
| 300 | |a online 231 s. | ||
| 610 | 2 | 0 | |a účtovníctvo |
| 610 | 2 | 0 | |a dane |
| 610 | 2 | 0 | |a hospodárstvo podnikové |
| 610 | 2 | 0 | |a informatika |
| 610 | 2 | 0 | |a financie |
| 610 | 2 | 0 | |a manažment |
| 610 | 2 | 0 | |a marketing |
| 610 | 2 | 0 | |a obchod |
| 610 | 2 | 0 | |a metódy kvantitatívne |
| 700 | 1 | |a Stávková, Jana | |
| 110 | 2 | |a PEFnet 2017. European Scientific Conference of Doctoral Students | |